| 000 | 00953cab a2200217 4500 | ||
|---|---|---|---|
| 001 | X2955 | ||
| 008 | 090401t1995 xxu||||| |||| 00| 0 eng d | ||
| 035 | _a(Sirsi) u27444 | ||
| 041 | _aeng | ||
| 245 | _aR v SoS Environment ex parte Kent CC | ||
| 260 | _c1995 | ||
| 350 | _a0 | ||
| 490 |
_aJournal of Planning and Environment Law _v1995 JPL 1120-1128(9) |
||
| 520 | _aQBD 7 November 1994. Definitive map - footpath - interpretation of s53 - right of way existed - precise line of the path in dispute - whether deletion of a public rightof way was permitted under s53 - unique set of facts - part of footpath correctly shown remainder of route uncertain - not permissable for council to invoke 1981 Act to close the whole length of the footpath - Inspector`s decision upheld. | ||
| 650 | _aDEFINITIVE MAP | ||
| 650 | _aFOOTPATH | ||
| 650 | _aRIGHT OF WAY | ||
| 690 | _aHIGHWAYS AND RIGHTS OF WAY-CASE LAW | ||
| 942 | _n0 | ||
| 948 | _c04/03/1997 | ||
| 999 |
_c18471 _d18471 |
||